000
00229 a2200097 4500
001
30660
100
_a
Eaton (Getman)
245
_a
College teaching : its Rationale
260
_a
N Y
_b
John Willey Press
_c
090
_c
20597
_d
20597
942
_a
NUST-CAE
_c
M
_c
11777
999
_c
265733
_d
265733